000 00437nam a2200193Ia 4500
999 _c2166
_d2166
007 ta
008 190805s2013 ii a|||g||||||||| ||und||
040 _aKO
_beng
041 0 _aeng
044 _aii
082 0 4 _a152.43
_bR2272
_223
245 1 0 _aLaugh Away /
_cReader's Digest
260 _aNoida :
_bLiving Media India Ltd.,
_c2013.
300 _a32 p. ;
_c18 cm.
650 0 _aJokes
904 _aA_BOSE
942 _cBK